Methodology and Techniques of Social Research (Record no. 19933)

MARC details
000 -LEADER
fixed length control field 00350nam a22001457a 4500
020 ## - INTERNATIONAL STANDARD BOOK NUMBER
ISBN 9789350974728
082 ## - DEWEY DECIMAL CLASSIFICATION NUMBER
Classification number 305.8 BHA
100 ## - MAIN ENTRY--AUTHOR NAME
Author name Bhandarkar P.L.
245 ## - TITLE STATEMENT
Title Methodology and Techniques of Social Research
250 ## - EDITION STATEMENT
Edition statement 24th
260 ## - PUBLICATION, DISTRIBUTION, ETC. (IMPRINT)
Place of publication Mumbai
Name of publisher Himalaya Publishing House
Year of publication 2013
300 ## - PHYSICAL DESCRIPTION
Number of Pages 437
650 ## - SUBJECT ADDED ENTRY--TOPICAL TERM
Topical Term Social work
942 ## - ADDED ENTRY ELEMENTS (KOHA)
Koha item type Books
Holdings
Home library Current library Shelving location Date acquired Source of acquisition Cost, normal purchase price Full call number Accession Number Koha item type
Henry Martyn Institute Library Henry Martyn Institute Library General stacks 01/11/2016 Jawaher Book Centre 790.00 305.8 BHA 25013 Books
                   Copyright © 2026 | Henry Martyn Institute | Hyderabad | TS-500052 | INDIA | Implemented by hmi.edu.in
Hit-Count:

Powered by Koha